[Event "24th European Women Club Cup 2019"]
[Site "Ulcinj"]
[Date "2019.11.10"]
[Round "1.27"]
[White "Yakovleva, Tatiana"]
[Black "Hoang, Thanh Trang"]
[Result "0-1"]
[WhiteElo "1942"]
[BlackElo "2414"]
[Annotator "NA RC"]
[PlyCount "100"]
[EventDate "2019.11.10"]
[EventType "team-tourn"]
[EventCountry "MNE"]
[SourceTitle "playchess.com"]
[Source "ChessBase"]
[SourceQuality "1"]
[WhiteTeam "Hertzeliya"]
[BlackTeam "Novy Bor"]
[TimeControl "40/5400+30:1800+30"]

1. d4 {[%emt 0:00:00]} f5 {[%emt 0:00:00]} 2. c4 {[%emt 0:00:00]} Nf6 {[%emt 0:00:19]} 3. Nc3 {[%emt 0:00:35]} g6 {[%emt 0:00:52]} 4. e3 {[%emt 0:02:20]} Bg7 {[%emt 0:01:16]} 5. Nf3 {[%emt 0:00:49]} O-O {[%emt 0:01:34]} 6. b4 {[%emt 0:03:21]} a5 {[%emt 0:07:38]} 7. b5 {[%emt 0:02:03]} d6 {[%emt 0:00:44]} 8. Bb2 {[%emt 0:04:34]} e6 {[%emt 0:03:39]} 9. Be2 {[%emt 0:03:38]} Qe7 {[%emt 0:03:15]} 10. a4 {[%emt 0:11:59]} Nbd7 {[%emt 0:04:10]} 11. O-O {[%emt 0:02:08]} b6 {[%emt 0:02:53]} 12. Nd2 {[%emt 0:10:36]} Bb7 {[%emt 0:01:21]} 13. Bf3 {[%emt 0:01:11]} Bxf3 {[%emt 0:01:34]} 14. Nxf3 {[%emt 0:02:07]} Rad8 {[%emt 0:05:26]} 15. Qb3 {[%emt 0:10:20]} Kh8 {[%emt 0:01:38]} 16. Rac1 {[%emt 0:05:01]} Nh5 {[%emt 0:06:58]} 17. h4 {[%emt 0:11:05]} h6 {[%emt 0:05:07]} 18. Ne2 {[%emt 0:04:17]} e5 {[%emt 0:10:09]} 19. g3 {[%emt 0:00:40]} f4 {[%emt 0:03:04]} 20. g4 {[%emt 0:04:00]} Qe6 {[%emt 0:05:34]} 21. Nh2 {[%emt 0:00:48]} f3 {[%emt 0:01:13]} 22. Ng3 {[%emt 0:01:54]} Nxg3 {[%emt 0:01:57]} 23. fxg3 {[%emt 0:00:02]} e4 {[%emt 0:00:47]} 24. Qc2 {[%emt 0:04:56]} Rde8 {[%emt 0:01:49]} 25. Qd2 {[%emt 0:03:00]} Nf6 {[%emt 0:02:55]} 26. d5 {[%emt 0:00:28]} Qd7 {[%emt 0:01:41]} 27. Bxf6 {[%emt 0:00:06]} Bxf6 {[%emt 0:00:06]} 28. Kf2 {[%emt 0:00:47]} h5 {[%emt 0:01:56]} 29. Rg1 {[%emt 0:08:19]} hxg4 {[%emt 0:00:27]} 30. Nf1 {[%emt 0:00:54]} Kg7 {[%emt 0:00:15]} 31. Qc2 {[%emt 0:00:12]} Rh8 {[%emt 0:00:34]} 32. Nd2 {[%emt 0:00:22]} Qf5 {[%emt 0:00:40]} 33. Rh1 {[%emt 0:00:33]} Rh5 {[%emt 0:03:04]} 34. Rce1 {[%emt 0:00:55]} Qe5 {[%emt 0:02:17]} 35. Reg1 {[%emt 0:00:32]} Kf7 {[%emt 0:00:51]} 36. Nb3 {[%emt 0:01:10]} Reh8 {[%emt 0:02:31]} 37. Nd2 {[%emt 0:00:22]} g5 {[%emt 0:01:38]} 38. Qxe4 {[%emt 0:01:11]} gxh4 {[%emt 0:01:20]} 39. Qxe5 {[%emt 0:00:20]} Bxe5 {[%emt 0:01:06]} 40. gxh4 {[%emt 0:00:00]} Rxh4 {[%emt 0:00:00]} 41. Rxh4 Rxh4 {[%emt 0:00:33]} 42. Nf1 {[%emt 0:00:44]} Kf6 {[%emt 0:01:08]} 43. Ke1 {[%emt 0:01:13]} Kf5 {[%emt 0:01:02]} 44. Kd2 {[%emt 0:01:39]} Bh2 {[%emt 0:02:24]} 45. Nxh2 {[%emt 0:03:59]} Rxh2+ {[%emt 0:00:10]} 46. Kd3 {[%emt 0:00:17]} f2 {[%emt 0:00:38]} 47. Rf1 {[%emt 0:00:06]} g3 {[%emt 0:00:18]} 48. Ke2 {[%emt 0:00:08]} Ke4 {[%emt 0:00:14]} 49. Rd1 {[%emt 0:00:32]} f1=Q+ {[%emt 0:00:46]} 50. Kxf1 {[%emt 0:00:22]} Rh1+ {[%emt 0:00:07]} 0-1

[Event "24th European Women Club Cup 2019"]
[Site "Ulcinj"]
[Date "2019.11.10"]
[Round "1.28"]
[White "Rodshtein, Tereza"]
[Black "Lian, Marina"]
[Result "1-0"]
[WhiteElo "2195"]
[BlackElo "1855"]
[Annotator "NA"]
[PlyCount "67"]
[EventDate "2019.11.10"]
[EventType "team-tourn"]
[EventCountry "MNE"]
[SourceTitle "playchess.com"]
[Source "ChessBase"]
[SourceQuality "1"]
[WhiteTeam "Novy Bor"]
[BlackTeam "Hertzeliya"]
[TimeControl "40/5400+30:1800+30"]

1. e4 e6 2. d3 d5 3. Nd2 c5 4. Ngf3 Nc6 5. g3 g6 {[%emt 0:00:17]} 6. Bg2 {[%emt 0:02:43]} Bg7 {[%emt 0:00:07]} 7. O-O {[%emt 0:01:19]} Nge7 {[%emt 0:00:21]} 8. Re1 {[%emt 0:01:26]} b6 {[%emt 0:00:25]} 9. c3 {[%emt 0:07:47]} h6 {[%emt 0:07:21]} 10. Qc2 {[%emt 0:04:01]} Qc7 {[%emt 0:10:05]} 11. Nf1 {[%emt 0:09:02]} Bb7 {[%emt 0:26:30]} 12. Rb1 {[%emt 0:28:33]} a5 {[%emt 0:00:30]} 13. Be3 {[%emt 0:00:30]} e5 {[%emt 0:00:30]} 14. Bd2 {[%emt 0:00:30]} d4 {[%emt 0:00:30]} 15. cxd4 {[%emt 0:00:30]} exd4 {[%emt 0:00:30]} 16. a3 {[%emt 0:00:30]} a4 {[%emt 0:00:30]} 17. h4 {[%emt 0:00:30]} f6 {[%emt 0:00:30]} 18. N1h2 {[%emt 0:00:30]} Bc8 {[%emt 0:00:30]} 19. Bf4 {[%emt 0:00:30]} Qd8 {[%emt 0:00:30]} 20. e5 {[%emt 0:00:30]} Kf8 {[%emt 0:00:30]} 21. exf6 {[%emt 0:00:30]} Bxf6 {[%emt 0:00:30]} 22. Ne5 {[%emt 0:00:30]} Bb7 {[%emt 0:00:30]} 23. Nhg4 {[%emt 0:00:30]} Nxe5 {[%emt 0:00:30]} 24. Bxe5 {[%emt 0:00:30]} Bxe5 {[%emt 0:00:30]} 25. Bxb7 {[%emt 0:00:30]} Ra7 {[%emt 0:00:30]} 26. Nxe5 {[%emt 0:00:30]} Rxb7 {[%emt 0:00:30]} 27. Qc4 {[%emt 0:00:30]} Rh7 {[%emt 0:00:30]} 28. Qe6 {[%emt 0:00:30]} Rg7 {[%emt 0:00:30]} 29. Re4 {[%emt 0:00:30]} Qd5 {[%emt 0:00:30]} 30. Rf4+ {[%emt 0:00:30]} Ke8 {[%emt 0:00:30]} 31. Qf6 {[%emt 0:00:30]} Qg8 {[%emt 0:00:30]} 32. Re1 {[%emt 0:00:30]} g5 {[%emt 0:00:30]} 33. Rf3 {[%emt 0:00:30]} gxh4 {[%emt 0:00:30]} 34. Ng6 {[%emt 0:00:30]} 1-0

[Event "24th European Women Club Cup 2019"]
[Site "Ulcinj"]
[Date "2019.11.11"]
[Round "2.1"]
[White "Khademalsharieh, Sarasadat"]
[Black "Koneru, Humpy"]
[Result "1/2-1/2"]
[WhiteElo "2491"]
[BlackElo "2577"]
[Annotator "TA"]
[PlyCount "64"]
[EventDate "2019.11.10"]
[EventType "team-tourn"]
[EventCountry "MNE"]
[SourceTitle "playchess.com"]
[Source "ChessBase"]
[SourceQuality "1"]
[WhiteTeam "Pentole Agnelli"]
[BlackTeam "Cercle d`Echecs"]

{[%evp 13,64,21,20,16,25,26,13,0,0,0,0,0,0,0,0,6,12,12,10,13,21,7,7,7,7,7,7,0,0,0,0,0,0,0,0,0,0,0,0,0,0,0,0,0,0,0,0,0,0,0,0,0,0]} 1. d4 Nf6 2. c4 e6 3. Nf3 b6 4. g3 Bb4+ 5. Bd2 Bxd2+ 6. Qxd2 Ba6 7. b3 O-O 8. Bg2 {E15: Queen's Indian: 4 g3 sidelines, 4 g3 Ba6 and 4 g3 Bb7 early deviations} d5 9. Nc3 (9. O-O c6 10. Rc1 Nbd7 11. a4 Rc8 12. Na3 Bb7 13. b4 c5 14. cxd5 Bxd5 15. dxc5 bxc5 16. b5 c4 17. Qb4 Bxf3 18. Bxf3 {1-0 (46) Inarkiev,E (2732)-Hou,Y (2658) Petropavlovsk Kamchatsky 2016}) 9... c6 10. cxd5 {The position is equal.} cxd5 11. O-O Nc6 12. Rac1 Qd6 $146 ({Predecessor:} 12... Rc8 13. Rfd1 Qd6 14. e3 Rfd8 {½-½ (14) Grabarczyk,M (2476)-Wojtaszek,R (2614) Lublin 2008}) 13. Qb2 Rac8 14. Rfd1 Ne4 15. Nxe4 dxe4 16. Ne5 f5 17. Nxc6 (17. Bf1 {looks sharper.} f4 18. e3 Bxf1 19. Nxc6 Rxc6 20. Rxf1 fxe3 21. fxe3 Rxc1 22. Qxc1 h6 23. Kg2) 17... Rxc6 18. Rxc6 Qxc6 19. Rc1 Qd7 20. e3 Rc8 21. Qa3 Rxc1+ 22. Qxc1 Qc8 (22... Bb7 {feels hotter.} 23. Bf1 Bd5 24. h4 Kf7 25. Kg2 h6) 23. Qxc8+ Bxc8 $11 {[%mdl 4096] Endgame KB-KB} 24. Bf1 Kf7 25. Bc4 a5 26. a3 Bd7 27. b4 axb4 28. axb4 Kf6 29. h4 h6 30. Kf1 g5 31. hxg5+ hxg5 32. Ke2 g4 {Accuracy: White = 81%, Black = 60%.} 1/2-1/2

[Event "24th European Women Club Cup 2019"]
[Site "Ulcinj"]
[Date "2019.11.11"]
[Round "2.2"]
[White "Cramling, Pia"]
[Black "Paehtz, Elisabeth"]
[Result "1/2-1/2"]
[WhiteElo "2443"]
[BlackElo "2484"]
[Annotator "TA"]
[PlyCount "61"]
[EventDate "2019.11.10"]
[EventType "team-tourn"]
[EventCountry "MNE"]
[SourceTitle "playchess.com"]
[Source "ChessBase"]
[SourceQuality "1"]
[WhiteTeam "Cercle d`Echecs"]
[BlackTeam "Pentole Agnelli"]

{[%evp 10,61,20,0,0,0,4,0,0,7,6,0,15,11,3,3,11,11,10,0,0,0,0,7,14,13,27,20,56,32,28,28,27,27,60,66,66,45,58,51,54,42,40,45,52,53,65,4,15,0,49,0,14,0]} 1. d4 d5 2. Nf3 Nf6 3. c4 c6 4. Qb3 dxc4 5. Qxc4 Bg4 6. Nbd2 (6. Nc3 {is interesting.} Nbd7 7. Bf4 Bf5 8. e3 e6 9. Nh4) 6... e6 {D23: Queen's Gambit Accepted: 3 Nf3 Nf6 sidelines} 7. g3 Nbd7 8. Bg2 Be7 9. O-O $146 ({Predecessor:} 9. Qb3 Qb6 10. O-O {½-½ (56) Giri,A (2790)-Mamedov,R (2658) Shamkir 2015}) 9... O-O 10. Qb3 Qb6 11. Nc4 Qa6 12. Bd2 Nb6 13. Rfc1 Ne4 {Threatens to win with ...Nxc4.} 14. Be1 Nxc4 15. Qxc4 Qxc4 16. Rxc4 Nd6 17. Rcc1 a5 18. a4 Ne8 19. e3 Bxf3 20. Bxf3 Nc7 21. Rab1 Bb4 22. Bxb4 axb4 23. Bd1 Ra5 24. Rc4 Na6 $1 25. Rbc1 Rd8 26. b3 Kf8 27. Be2 Ke7 28. R4c2 (28. f4 $14) 28... Nc7 $11 29. Rc4 Na6 30. R4c2 Nc7 31. Rc4 {Accuracy: White = 59%, Black = 46%.} 1/2-1/2

[Event "24th European Women Club Cup 2019"]
[Site "Ulcinj"]
[Date "2019.11.11"]
[Round "2.3"]
[White "Zimina, Olga"]
[Black "Socko, Monika"]
[Result "1/2-1/2"]
[WhiteElo "2406"]
[BlackElo "2417"]
[Annotator "TA"]
[PlyCount "63"]
[EventDate "2019.11.10"]
[EventType "team-tourn"]
[EventCountry "MNE"]
[SourceTitle "playchess.com"]
[Source "ChessBase"]
[SourceQuality "1"]
[WhiteTeam "Pentole Agnelli"]
[BlackTeam "Cercle d`Echecs"]

{[%evp 16,63,0,-16,-13,-14,-5,-21,-22,-16,0,-5,12,5,21,13,44,43,42,29,31,3,31,26,18,12,16,7,10,11,14,14,14,25,53,8,5,10,11,2,0,0,3,0,0,0,5,0,0,0]} 1. d4 Nf6 2. c4 e6 3. g3 d5 4. Bg2 dxc4 5. Qa4+ Nbd7 6. Qxc4 c5 7. Nf3 a6 8. Qc2 b6 9. O-O Bb7 {E03: Open Catalan: 5 Qa4+ Nbd7 6 Qxc4} 10. Nc3 cxd4 11. Nxd4 Bxg2 12. Kxg2 Bc5 13. Rd1 Qc7 (13... Qc8 14. e4 O-O 15. Qe2 Qb7 16. f3 Ne5 17. Bf4 {0-1 (40) Matlakov,M (2700)-Duda,J (2738) St Petersburg 2018}) 14. Na4 $146 ({Predecessor:} 14. a3 Rc8 15. f3 O-O 16. Na4 Qe5 17. Nxc5 bxc5 18. Nb3 c4 19. Nd4 Rfd8 20. e3 Qc7 21. b3 {½-½ (21) Loktayev,V (1946)-Plant,K (1800) IECG email 2003}) 14... Qb7+ 15. f3 Rc8 {[#] And now ...Bxd4 would win.} 16. Nxc5 Rxc5 17. Qb3 O-O 18. Be3 Rcc8 19. Rac1 h6 20. Rxc8 Rxc8 21. Rc1 Rxc1 22. Bxc1 b5 23. Qc3 Qd5 24. b3 Kh7 25. Bb2 e5 {The position is equal.} 26. Qc2+ e4 27. Qc6 exf3+ 28. exf3 Nc5 29. Qc8 Nfd7 30. Qc6 Nf6 31. Qc8 Nfd7 32. Qc6 {Accuracy: White = 48%, Black = 60%.} 1/2-1/2

[Event "24th European Women Club Cup 2019"]
[Site "Ulcinj"]
[Date "2019.11.11"]
[Round "2.4"]
[White "Daulyte-Cornette, Deimante"]
[Black "Brunello, Marina"]
[Result "1-0"]
[WhiteElo "2405"]
[BlackElo "2378"]
[Annotator "TA"]
[PlyCount "57"]
[EventDate "2019.11.10"]
[EventType "team-tourn"]
[EventCountry "MNE"]
[SourceTitle "playchess.com"]
[Source "ChessBase"]
[SourceQuality "1"]
[WhiteTeam "Cercle d`Echecs"]
[BlackTeam "Pentole Agnelli"]

{[%evp 11,59,21,28,8,8,0,0,0,0,0,35,22,30,30,29,31,47,35,45,50,56,49,56,44,46,49,53,70,102,86,192,184,364,391,441,171,243,256,343,201,560,503,1312,1271,29983,1587,2691,1953,1837,1772]} 1. e4 c5 2. Nf3 d6 3. d4 cxd4 4. Nxd4 Nf6 5. Nc3 a6 6. g3 e5 7. Nb3 {B91: Sicilian Najdorf: 6 g3} (7. Nde2 Be7 8. Bg2 O-O 9. O-O b5 10. Nd5 Nxd5 11. Qxd5 Ra7 12. Be3 Rb7 13. Qd2 Nd7 14. Nc3 Nf6 15. Bg5 Be6 16. Bxf6 Bxf6 17. Nd5 Bg5 {½-½ (43) Vitiugov,N (2732)-Yu,Y (2763) Khanty-Mansiysk 2019}) 7... Be7 8. Bg5 Be6 9. Bxf6 {The position is equal.} Bxf6 10. Qd3 Be7 11. O-O-O Nd7 12. f4 Nf6 $146 ({Predecessor:} 12... b5 13. Nd5 Nb6 14. Nxe7 Kxe7 15. fxe5 dxe5 {0-1 (90) Neustroev,V (2259)-Kvaloy,A (2125) Budapest 2019}) 13. f5 Bd7 14. Be2 Bc6 15. g4 h6 16. h4 Nd7 17. Qg3 b5 18. Kb1 Rc8 19. a3 Qb6 20. g5 hxg5 (20... a5 $16 {was necessary.}) 21. hxg5 $18 Rxh1 $2 (21... Rg8 {was worth a try.} 22. Rh2 Rc7) 22. Rxh1 Bf8 {[#]} 23. Qd3 $2 (23. f6 $1 {[%mdl 512]}) 23... Nc5 (23... Qf2 $142 24. Rh8 Qg1+ 25. Ka2 Qxg5) 24. Nxc5 dxc5 {[#]} 25. Nd5 (25. Rh8 $142 $1 {[%mdl 512] Threatening mate with Qd6!} Qd8 26. Qg3) 25... Qb7 $2 (25... Bxd5 26. Qxd5 Qd6) 26. f6 g6 {[#]} (26... Bxd5 $142 27. exd5 (27. Qxd5 Qxd5 28. exd5 Rd8 $14) 27... Rd8) 27. Rh8 $1 {[%mdl 512] White wants to mate with Qh3.} Bxd5 28. Qh3 (28. Bg4 $142 Rb8 29. exd5 Kd8 30. d6 Qh1+ 31. Rxh1 Ke8 {[#]} 32. Rh8 $1 {[%mdl 512]} c4 33. Qh3 e4 34. Bd7+ Kd8 35. Rxf8#) 28... Be6 {[#]} 29. Bg4 {Played: Rh8xf8} 1-0

[Event "24th European Women Club Cup 2019"]
[Site "Ulcinj"]
[Date "2019.11.11"]
[Round "2.5"]
[White "Muzychuk, Mariya"]
[Black "Ushenina, Anna"]
[Result "1-0"]
[WhiteElo "2552"]
[BlackElo "2439"]
[Annotator "TA"]
[PlyCount "97"]
[EventDate "2019.11.10"]
[EventType "team-tourn"]
[EventCountry "MNE"]
[SourceTitle "playchess.com"]
[Source "ChessBase"]
[SourceQuality "1"]
[WhiteTeam "Kyiv"]
[BlackTeam "Ugra"]

{[%evp 10,97,39,30,38,34,45,27,41,20,24,19,23,22,20,14,16,14,18,10,16,19,28,32,32,30,37,25,57,23,55,52,92,91,122,81,105,112,107,105,112,112,128,124,133,129,123,134,177,175,190,182,232,247,231,189,259,252,297,209,319,310,347,338,529,534,502,364,1322,1151,1099,1054,1143,794,2158,1959,1288,1063,919,855,2142,1951,29964,29963,29979,29977,29977,29978,29976,29976]} 1. e4 e5 2. Nf3 Nf6 3. Nxe5 d6 4. Nf3 Nxe4 5. d4 d5 6. Bd3 Bf5 {C42: Petroff Defence: 3 Nxe5 and unusual White 3rd moves} (6... Bd6 7. O-O O-O 8. c4 c6 9. Qc2 Na6 10. a3 Bg4 11. Ne5 Bf5 12. b4 c5 13. cxd5 cxd4 14. Bxe4 Rc8 15. Nc6 Bxe4 16. Qxe4 bxc6 17. dxc6 Re8 18. Qf3 Qb6 {1-0 (77) Dominguez Perez,L (2763)-Wang,H (2726) Khanty-Mansiysk 2019}) 7. O-O Be7 8. Ne5 Nd7 {White has an edge.} 9. Nc3 Nxe5 10. dxe5 Nxc3 11. bxc3 Qd7 12. Bxf5 Qxf5 13. Qxd5 {With the idea Qb5+.} O-O 14. Qxb7 Qxe5 {[#]} 15. Qc6 $146 Bd6 {[%csl Gd6][%cal Re5h2] [#]} 16. g3 Qf5 17. Be3 Qxc2 18. Bd4 Rae8 19. Rfc1 Qb2 20. a4 a5 21. Qd5 Ra8 22. Rcb1 Qd2 23. Rb5 $40 {[%mdl 128] White wants a kill.} Rad8 {next ...c5 is good for Black.} 24. Qg5 ({Reject} 24. Rxa5 $6 Bxg3 25. Qg5 Rxd4 $11) 24... Qxg5 25. Rxg5 f6 26. Rxa5 Ra8 27. Rxa8 Rxa8 $16 {[%mdl 4096] Endgame KRB-KRB} 28. a5 {[%cal Ba4a5,Ba5a6,Ba6a7][%mdl 32]} Kf7 29. a6 c5 30. Be3 Ke6 31. a7 Kd5 32. Kg2 Kc4 (32... Bc7 {was worth a try.} 33. Ra6 g6) 33. Ra5 $18 Kd5 34. Kf3 Be7 (34... h5 $142 35. g4 hxg4+ 36. Kxg4 g6) 35. g4 g6 36. h3 Kc6 (36... Bd6 {keeps fighting.} 37. h4 Be7) 37. Ke4 Kb6 38. Ra2 Rxa7 $2 {[#]} (38... Kc6 39. Ra6+ Kb5) 39. Rxa7 Kxa7 {KB-KB} 40. Kd5 Kb6 41. Ke6 Bf8 42. Kxf6 Kb5 43. Kf7 Bd6 44. Ke6 Bc7 45. Kd5 c4 46. f4 {White mates.} h5 47. gxh5 gxh5 48. f5 Bd8 49. Bd4 {Accuracy: White = 81%, Black = 30%.} 1-0

[Event "24th European Women Club Cup 2019"]
[Site "Ulcinj"]
[Date "2019.11.11"]
[Round "2.6"]
[White "Pogonina, Natalija"]
[Black "Muzychuk, Anna"]
[Result "1/2-1/2"]
[WhiteElo "2479"]
[BlackElo "2543"]
[Annotator "TA"]
[PlyCount "186"]
[EventDate "2019.11.10"]
[EventType "team-tourn"]
[EventCountry "MNE"]
[SourceTitle "playchess.com"]
[Source "ChessBase"]
[SourceQuality "1"]
[WhiteTeam "Ugra"]
[BlackTeam "Kyiv"]

{[%evp 12,186,0,0,0,0,0,0,0,9,13,5,8,0,0,0,0,0,0,-1,0,0,0,0,0,0,0,0,0,0,20,20,20,20,20,20,20,20,20,20,20,20,20,20,20,20,43,39,41,38,97,97,97,95,84,73,79,41,55,40,131,92,120,79,175,106,131,45,85,103,98,89,194,87,116,99,106,100,116,116,116,109,127,116,126,107,151,146,142,144,124,0,0,0,0,0,0,0,0,0,0,0,0,0,0,0,0,0,0,0,0,0,0,-8,-8,-8,-8,-8,-8,-8,-8,-8,-8,-8,-8,-8,-8,-8,-8,-8,-8,-12,-12,-12,-23,-38,-38,-59,-8,-8,-15,-11,-11,-11,-11,-22,-29,-29,0,-36,-8,-36,-36,-36,-36,-36,-36,-36,-36,-36,-36,-36,-36,-36,-36,-44,-44,-59,-59,-60,-60,-67,-74,-81,-81,-81,-89]} 1. d4 Nf6 2. Nf3 g6 3. b3 Bg7 4. Bb2 O-O 5. e3 b6 6. Be2 Bb7 7. O-O c5 {A48: 1 d4 Nf6 2 Nf3 g6: Torre, London and Colle Systems} (7... d6 8. c4 Nbd7 9. Qc2 c5 10. Rd1 cxd4 11. Nxd4 Rc8 12. Nc3 a6 13. Rac1 Rc7 14. Bf3 Qa8 15. Bxb7 Qxb7 16. Qe2 {0-1 (54) Nakamura,H (2781)-Liang,A (2572) chess.com INT 2018}) 8. dxc5 bxc5 9. c4 d6 {The position is equal.} 10. Qc2 Nbd7 11. Nc3 Ne4 $146 ({Predecessor:} 11... Qa5 12. Nd2 Ne5 13. h3 Rac8 14. f4 Nc6 15. a3 Qc7 16. Bf3 e6 {0-1 (34) Hara,A (1839)-Nakata,T (1644) Mogi das Cruzes 2014}) 12. Nd2 Nxc3 13. Bxc3 Bxc3 14. Qxc3 Nf6 15. Bf3 Bxf3 16. Nxf3 a5 17. a4 Ne4 18. Qd3 f5 19. Ne1 Qd7 20. Nc2 Qb7 21. f3 Nf6 22. Na3 Rad8 23. Nb5 Qc6 24. Qc3 Ra8 25. Rad1 Ra6 26. Rfe1 Qb7 27. Re2 Raa8 28. Rf1 Qc6 29. e4 fxe4 30. fxe4 e5 (30... Nh5 $14) 31. Ref2 $16 Kg7 (31... Nxe4 $2 32. Rxf8+ Rxf8 33. Rxf8+ Kxf8 34. Qf3+ Kg7 35. Nc3 $18) 32. Qh3 Rae8 33. Nc3 Qc8 34. Qd3 Qc6 35. Rf3 (35. Qd1 {feels hotter.} Re7 36. Nb5 Rd7 37. Qe1 Qb6 38. Rf3) 35... Nd7 (35... Re7 $14) 36. Nb5 Rxf3 37. gxf3 Nf8 (37... Nf6 $16 {might work better.}) 38. Rd1 (38. Qxd6 $6 Qxd6 39. Nxd6 Rb8 $14) (38. Nxd6 $18 Rb8 39. f4) 38... Rd8 39. Qc3 (39. Qd5 $16 Qxd5 40. Rxd5 (40. cxd5 Kf7 $14) (40. exd5 g5 $11)) 39... Kg8 40. Qxa5 Ne6 41. Rd5 Qb7 (41... Rd7 $16) 42. Qa7 (42. Rxd6 $18 {is more deadly.} Rf8 43. Qa7 (43. Rxe6 Qf7 $11) 43... Qxa7 44. Nxa7) 42... Qxa7 43. Nxa7 {[%mdl 4096] Endgame KRN-KRN} Nd4 44. Kg2 Ra8 45. Nb5 Nxb3 46. Nxd6 Rxa4 47. Rxe5 Ra2+ 48. Kg3 Ra3 49. Re8+ Kg7 50. Re7+ Kf6 51. Rf7+ (51. Rxh7 $16 {Black must now prevent f4.} Nd2 52. Kg4) 51... Ke6 $11 52. Nb5 Kxf7 53. Nxa3 {KN-KN} Kf6 54. Kf4 g5+ 55. Ke3 Ke5 56. Nb1 Nd4 57. Na3 h6 58. Nb5 {[#] aiming for Nxd4.} Nc2+ 59. Kf2 Kf4 60. Nc3 Ke5 61. Nb5 Kf4 62. Nd6 Nd4 63. Nb7 Nxf3 64. h3 Nd2 65. Nxc5 Nxc4 66. Kg2 Nd2 67. Ne6+ Kxe4 68. Kg3 Ke5 69. Nc5 $1 h5 {And now ...Ne4+ would win.} 70. Nd7+ Kf5 {With the idea ...Nb3.} (70... Kd4 $5 {[%cal Rd4e3]}) 71. Nb6 Ke4 {Threatening ...Nf1+.} 72. Nd7 Ke3 73. Ne5 Ne4+ 74. Kg2 h4 (74... Kf4 $15 75. Ng6+ Ke3) 75. Nf7 Ke2 {White should prevent ...Ke3.} 76. Ne5 Nd2 {Hoping for ...Ke3.} 77. Nf7 Nf3 78. Nd6 Ne1+ 79. Kg1 Nf3+ 80. Kg2 Nd4 {next ...Ne6 is good for Black.} 81. Nf7 Ne6 82. Ne5 Nf4+ 83. Kh2 Kf1 84. Nf3 Ne6 85. Nd2+ Ke2 86. Ne4 Ke3 (86... Kf3 {with more complications.} 87. Nd6 Nf8 88. Nf7 Nh7 89. Ne5+ Kf4) 87. Nd6 Kf3 88. Nf7 Kf2 89. Nd6 Nc5 90. Nf7 Ne4 91. Ne5 Nd2 {( -> ...Nf3+)} 92. Ng4+ Kf1 93. Ne5 {[#]} Ne4 $1 {Accuracy: White = 74%, Black = 60%.} 1/2-1/2

[Event "24th European Women Club Cup 2019"]
[Site "Ulcinj"]
[Date "2019.11.11"]
[Round "2.7"]
[White "Abdumalik, Zhansaya"]
[Black "Girya, Olga"]
[Result "1-0"]
[WhiteElo "2472"]
[BlackElo "2476"]
[Annotator "TA"]
[PlyCount "65"]
[EventDate "2019.11.10"]
[EventType "team-tourn"]
[EventCountry "MNE"]
[SourceTitle "playchess.com"]
[Source "ChessBase"]
[SourceQuality "1"]
[WhiteTeam "Kyiv"]
[BlackTeam "Ugra"]

{[%evp 14,65,28,38,26,23,22,25,14,18,20,12,49,24,31,19,48,38,66,56,57,53,62,67,134,136,164,157,154,160,147,132,214,185,196,157,167,11,32,0,0,0,0,0,0,-75,-82,-69,514,581,621,621,29995,29996]} 1. e4 c5 2. Nf3 Nc6 3. d4 cxd4 4. Nxd4 e5 5. Nb5 d6 6. N1c3 a6 7. Na3 Be6 8. Nc4 Rb8 {B32: Sicilian: Löwenthal and Kalashnikov Variations} (8... b5 9. Ne3 Nf6 10. g3 g6 11. Bg2 Bh6 12. O-O O-O 13. Bd2 Rc8 14. Ncd5 Bxd5 15. exd5 Ne7 16. a4 Qb6 17. axb5 axb5 {½-½ (57) Vocaturo,D (2607)-Radjabov,T (2741) Heraklio 2017}) 9. Ne3 Nf6 10. g3 h5 {White has an edge.} 11. h3 Nd4 $146 ({Predecessor:} 11... g6 12. Bg2 Be7 13. Ned5 Bxd5 14. Nxd5 Nxd5 15. Qxd5 {0-1 (55) Gonzalez,B (2241)-Fier,A (2581) Pirai do Sul 2017}) 12. Bg2 Rc8 13. Ne2 Nxe2 14. Qxe2 Qb6 15. O-O g6 16. c4 Bh6 17. b3 h4 {White should prevent ...hxg3.} 18. g4 Bf4 ({Black should play} 18... Nd7 $14) 19. Nd5 $16 Bxd5 {[#]} 20. Bxf4 $1 Bc6 21. Bg5 Nd7 22. Rad1 f6 (22... Qc7 $16 23. Rd2 f6) 23. Bc1 Qc7 24. Ba3 Nc5 25. Qe3 $2 (25. g5 $18) 25... g5 $1 $11 26. b4 Ne6 27. b5 $36 {[%mdl 2048] Black is under pressure.} axb5 28. Rxd6 Kf7 $1 29. Qb3 {[#]} (29. cxb5 $1 $11 Bxb5 30. Rc1) 29... bxc4 $1 $17 30. Qxc4 Bd7 $2 {[%mdl 8192]} (30... Rhe8 $1 $15 {keeps the upper hand.}) 31. Qd5 $18 Rcd8 32. Rc1 Bc6 33. Qxe6+ {[%mdl 64] Double Attack. Accuracy: White = 61%, Black = 47%.} 1-0